Řezné kapaliny

Bibliographic Details
Main Authors: Bumbálek, Bohumil, 1926- (Author), Ošťádal, Bohuslav (Author), Šafr, Emil (Author)
Format: Book
Language:Undetermined
Czech
PhysicalDescription:136 s. obr., tab. 22 cm
Published: Praha Státní nakladatelství technické literatury 1963
Edition:Vyd. 1.
Subjects:

MARC

LEADER 00000cam a2200000 a 4500
001 vtls001345508
003 SK-MaSNL
005 20260302070814.0
008 240318s1963 xr 00000 und
035 |a SNK000298735 
040 |a SNK  |b slo  |c SNK  |e AACR2 
041 0 |a cze 
044 |a xr  |c CZ 
080 |a 621.895  |2 2001 
100 1 |a Bumbálek, Bohumil,  |d 1926-  |4 aut  |9 97669 
245 1 0 |a Řezné kapaliny  |c Bohumil Bumbálek, Bohuslav Ošťádal, Emil Šafr 
250 |a Vyd. 1. 
260 |a Praha  |b Státní nakladatelství technické literatury  |c 1963 
300 |a 136 s.  |b obr., tab.  |c 22 cm 
366 |e 3 215 výt. 
500 |a Brožovaná 
504 |a Bibliogr.: s. 135-136 
650 0 7 |a rezné kvapaliny  |2 SVKBBPH  |9 79808 
700 1 |a Ošťádal, Bohuslav  |4 aut  |9 731705 
700 1 |a Šafr, Emil  |4 aut  |9 586764 
852 |a Štátna vedecká knižnica v Banskej Bystrici 
958 |a OND 
999 |c 1149084  |d 1151014 
952 |t P60, <04>, [BOOK], {604}  |a SNK  |b SNK  |y VYP  |7 0  |p 17A0166326  |o snkID 54428  |0 0  |1 0  |4 0  |d 1998-10-17  |l 0  |r 2005-01-02 00:00:00  |w 2026-02-24